| 000 -LEADER |
| fixed length control field |
00421cam a22001337a 4500 |
| 008 - FIXED-LENGTH DATA ELEMENTS--GENERAL INFORMATION |
| fixed length control field |
180718b1982 xxu||||| |||| 00| 0 eng d |
| 082 ## - DEWEY DECIMAL CLASSIFICATION NUMBER |
| Classification number |
O91x5453 sw22 |
| 100 ## - MAIN ENTRY--PERSONAL NAME |
| Personal name |
Swaminathan ,M.S. |
| 245 ## - TITLE STATEMENT |
| Title |
Economic ecologists of India |
| Statement of responsibility, etc. |
By M.S. Swaminathan |
| 260 ## - PUBLICATION, DISTRIBUTION, ETC. |
| Place of publication, distribution, etc. |
New Delhi |
| Name of publisher, distributor, etc. |
Indian enviroment society |
| Date of publication, distribution, etc. |
1982 |
| 300 ## - PHYSICAL DESCRIPTION |
| Extent |
112p |
| 650 ## - SUBJECT ADDED ENTRY--TOPICAL TERM |
| Topical term or geographic name entry element |
Agriculturists -- India -- Biography |
| 650 ## - SUBJECT ADDED ENTRY--TOPICAL TERM |
| Topical term or geographic name entry element |
Swaminathan, Monkumbu Sambasivan |